Ảnh hưởng của độ sâu làm đất đến sự sinh trưởng và năng suất lúa trên đất phèn ven sông tại huyện Tháp Mười, tỉnh Đồng Tháp : Luận văn tốt nghiệp cao học. Chuyên ngành Khoa học cây trồng

Khảo sát ảnh hưởng của độ sâu làm đất đến sự sinh trưởng và năng suất lúa trên đất phù sa ven sông tại huyện Tháp Mười, tỉnh Đồng Tháp

Enregistré dans:
Détails bibliographiques
Auteur principal: Nguyễn, Thị Hồng Cẩm
Format: Livre
Langue:Undetermined
Publié: Cần Thơ Trường Đại học Cần Thơ 2016
Sujets:
Tags: Ajouter un tag
Pas de tags, Soyez le premier à ajouter un tag!
Thư viện lưu trữ: Trung tâm Học liệu Trường Đại học Cần Thơ
LEADER 01198nam a2200217Ia 4500
001 CTU_216288
008 210402s9999 xx 000 0 und d
082 |a 631.8 
082 |b C120 
088 |a 60620110 
100 |a Nguyễn, Thị Hồng Cẩm 
245 0 |a Ảnh hưởng của độ sâu làm đất đến sự sinh trưởng và năng suất lúa trên đất phèn ven sông tại huyện Tháp Mười, tỉnh Đồng Tháp : 
245 0 |b Luận văn tốt nghiệp cao học. Chuyên ngành Khoa học cây trồng 
245 0 |c Nguyễn Thị Hồng Cẩm ; Nguyễn Thành Hối, Nguyễn Bảo Vệ (Hướng dẫn khoa học) 
260 |a Cần Thơ 
260 |b Trường Đại học Cần Thơ 
260 |c 2016 
520 |a Khảo sát ảnh hưởng của độ sâu làm đất đến sự sinh trưởng và năng suất lúa trên đất phù sa ven sông tại huyện Tháp Mười, tỉnh Đồng Tháp 
650 |a Khoa học cây trồng,Plant science 
904 |i Nguyên 
980 |a Trung tâm Học liệu Trường Đại học Cần Thơ